Dépenses de santé par habitant dans le monde - Statistiques

Statistiques générales
  • Ce quiz a été pris 82 fois
  • Le résultat moyen est 12 sur 15
Statistiques - réponses
En $ / habitant Pays % Correct
4600 France
97%
9882 Etats-Unis
95%
5551 Allemagne
87%
4753 Canada
86%
4519 Japon
86%
7918 Suisse
83%
6647 Norvège
80%
5488 Suède
80%
5205 Danemark
74%
4840 Belgique
71%
4708 Australie
70%
5385 Pays-Bas
70%
7483 Luxembourg
66%
5227 Autriche
61%
5528 Irlande
53%
Aucun quiz correspondant
Distribution des résultats
% des personnes avec chaque résultat
Percentile par nombre de réponses
Votre historique - résultats
Vous n’avez pas pris ce quiz